| 000 | 00653nam a22001937a 4500 | ||
|---|---|---|---|
| 999 |
_c169594 _d169594 |
||
| 005 | 20191126122828.0 | ||
| 010 | _aUR-10620 | ||
| 020 |
_c150.00 _a9789389358766 |
||
| 035 | _aU-9175 | ||
| 037 |
_bDBAD/PUB _a- |
||
| 082 | _a370.844 | ||
| 100 | _aشميم ا حمد مد نی | ||
| 245 |
_aفکر ی ز ا و يۓ _cشميم ا حمد مد نی |
||
| 246 |
_bFikri Zawiye (Urdu) _aby Syed Shamim Ahmed Madny |
||
| 260 |
_aDelhi _bEducational Publishing House _c2019 ء |
||
| 270 |
_a3191,Vakil Street, Kucha Pandit,Lal Kuan, _bDelhi _e110006 _k01123216162 _l- |
||
| 300 |
_a80 ص _c22 Cm(Hb) |
||
| 942 |
_2ddc _cUR _h370.844 _mش م ی |
||